[Event "6th Asia-ch"]
[Site "Cebu City PHI"]
[Date "2007.09.20"]
[Round "2.19"]
[White "Moradiabadi, Elshan"]
[Black "Bitoon, Richard"]
[Result "1/2-1/2"]
[WhiteElo "2540"]
[BlackElo "2399"]
[EventDate "2007.09.19"]
[PlyCount "82"]

1.d4 Nf6 2.Nf3 e6 3.c4 d5 4.Bg5 Be7 5.Nc3 O-O 6.cxd5 exd5 7.e3 Nbd7 8.Bd3 
Re8 9.Qc2 c6 10.O-O Nf8 11.h3 Ng6 12.Rae1 Ne4 13.Bxe7 Qxe7 14.Bxe4 dxe4 
15.Nd2 f5 16.f3 exf3 17.Nxf3 Be6 18.e4 fxe4 19.Rxe4 Qd7 20.Ng5 Bc4 21.Rfe1
Rxe4 22.Qxe4 Rd8 23.b3 Bf7 24.Nxf7 Qxf7 25.Qf3 Qd7 26.Rd1 Ne7 27.Ne4 Qe6 
28.Qf4 Nd5 29.Qh4 Re8 30.Ng5 Qe3+ 31.Kh1 h6 32.Nf3 Rf8 33.Re1 Qc3 34.Qe4 
Nf4 35.Qe3 Qc2 36.Qd2 Qf5 37.Re5 Qg6 38.Kh2 Qd6 39.Qc2 Ng6 40.Qc4+ Kh7 41.
Qc5 Qxc5 1/2-1/2

[Event "6th Asia-ch"]
[Site "Cebu City PHI"]
[Date "2007.09.20"]
[Round "2.20"]
[White "Makinano, Anthony"]
[Black "Djao Thien Hai"]
[Result "0-1"]
[WhiteElo "2317"]
[BlackElo "2537"]
[EventDate "2007.09.19"]
[PlyCount "68"]

1.d4 Nf6 2.Nf3 e6 3.c4 b6 4.g3 Ba6 5.b3 d5 6.cxd5 exd5 7.Bg2 Nbd7 8.Ne5 
Bb7 9.O-O Bd6 10.Bb2 Qe7 11.Nc4 O-O 12.Nxd6 cxd6 13.Na3 Ba6 14.Re1 Ne4 15.
Nc2 Rac8 16.Nb4 Bb7 17.Rc1 a5 18.Nd3 Ba6 19.Nf4 Ndf6 20.f3 Nc3 21.Qd2 Nxa2
22.Rxc8 Rxc8 23.e4 dxe4 24.fxe4 Nb4 25.e5 Nd7 26.e6 fxe6 27.Rxe6 Qf7 28.
Bc3 Nf8 29.Bxb4 Nxe6 30.Bd5 Re8 31.Bxd6 a4 32.Nd3 Qf5 33.Bc4 Bxc4 34.bxc4 
Nxd4 0-1

[Event "6th Asia-ch"]
[Site "Cebu City PHI"]
[Date "2007.09.20"]
[Round "2.21"]
[White "Nguyen Anh Dung"]
[Black "Lalith Babu, Musunuri Rohit"]
[Result "1/2-1/2"]
[WhiteElo "2537"]
[BlackElo "2353"]
[EventDate "2007.09.19"]
[PlyCount "86"]

1.d4 Nf6 2.Nf3 b6 3.Bg5 Bb7 4.Nbd2 d5 5.e3 e6 6.Bd3 Be7 7.Ne5 O-O 8.O-O 
Nbd7 9.f4 c5 10.Qf3 h6 11.Bxf6 Bxf6 12.Rf2 Bxe5 13.fxe5 f5 14.exf6 Rxf6 
15.Qg3 Rxf2 16.Qxf2 Qe7 17.Qg3 e5 18.Rf1 e4 19.Be2 Nf6 20.c3 Rf8 21.Rf5 
cxd4 22.exd4 Bc8 23.Rf4 Qe8 24.Nf1 Qa4 25.a3 Qc2 26.Rf2 Qxb2 27.Ba6 Qxf2+ 
28.Qxf2 Bxa6 29.Qf5 Rc8 30.Ne3 Rxc3 31.Qe6+ Kh8 32.Nxd5 Rc1+ 33.Kf2 Rf1+ 
34.Kg3 Bd3 35.Nf4 Bb1 36.d5 e3 37.Qe5 Ne4+ 38.Kh3 Nf2+ 39.Kh4 Ne4 40.Qe8+ 
Kh7 41.Qg6+ Kg8 42.Qe6+ Kh7 43.Qf5+ Kg8 1/2-1/2

[Event "6th Asia-ch"]
[Site "Cebu City PHI"]
[Date "2007.09.20"]
[Round "2.23"]
[White "Girinath, P. D. S."]
[Black "Alavi Sayed, Javad"]
[Result "1/2-1/2"]
[WhiteElo "2440"]
[BlackElo "2493"]
[EventDate "2007.09.19"]
[PlyCount "34"]

1.e4 c6 2.d3 g6 3.Nf3 Bg7 4.g3 e5 5.Bg2 Ne7 6.O-O O-O 7.Re1 d6 8.d4 Bg4 9.
dxe5 dxe5 10.h3 Be6 11.Ng5 Bd7 12.b3 h6 13.Nf3 Be6 14.Ba3 Nd7 15.c4 Re8 
16.Qc2 c5 17.Nc3 Nc6 1/2-1/2

[Event "6th Asia-ch"]
[Site "Cebu City PHI"]
[Date "2007.09.20"]
[Round "2.25"]
[White "Ganguly, Surya Shekhar"]
[Black "Bancod, Ronald"]
[Result "1-0"]
[WhiteElo "2586"]
[BlackElo "2373"]
[EventDate "2007.09.19"]
[PlyCount "71"]

1.e4 c5 2.Nf3 Nc6 3.d4 cxd4 4.Nxd4 g6 5.c4 Bg7 6.Nc2 Nf6 7.Nc3 d6 8.Be2 
O-O 9.O-O Nd7 10.Bd2 a5 11.Qc1 Nc5 12.Bh6 Bxc3 13.Bxf8 Qxf8 14.bxc3 Nxe4 
15.Qe3 Nc5 16.Nd4 Ne5 17.f4 Ned7 18.Bf3 Nf6 19.Rab1 Qd8 20.h3 Ra6 21.Rfd1 
a4 22.Re1 Kf8 23.g4 Ng8 24.f5 Rb6 25.Rxb6 Qxb6 26.Bd5 gxf5 27.gxf5 Qb2 28.
f6 Be6 29.Bxe6 fxe6 30.Nxe6+ Nxe6 31.fxe7+ Nxe7 32.Qxe6 Qb6+ 33.Kg2 Qc6+ 
34.Kh2 Ng6 35.Rf1+ Kg7 36.Rf7+ 1-0

[Event "6th Asia-ch"]
[Site "Cebu City PHI"]
[Date "2007.09.20"]
[Round "2.26"]
[White "Li Shilong"]
[Black "Samhouri, Ahmad"]
[Result "1-0"]
[WhiteElo "2550"]
[BlackElo "2362"]
[EventDate "2007.09.19"]
[PlyCount "75"]

1.e4 c5 2.Nf3 d6 3.d4 cxd4 4.Nxd4 Nf6 5.Nc3 a6 6.Bc4 e6 7.Bb3 Nbd7 8.Bg5 
Nc5 9.f4 h6 10.Bxf6 Qxf6 11.O-O g5 12.f5 Bg7 13.Nf3 Qe7 14.fxe6 fxe6 15.
Nd2 h5 16.Nc4 Be5 17.Nxe5 dxe5 18.Bc4 Bd7 19.b4 O-O-O 20.Qe2 b5 21.Bd5 Nb7
22.Bxb7+ Kxb7 23.a3 Rc8 24.Nd1 Rc7 25.Nf2 Rhc8 26.Nd3 Rxc2 27.Qxh5 Be8 28.
Qg4 Qd6 29.Rad1 Qd4+ 30.Kh1 Qc3 31.Qxe6 Qxa3 32.Qe7+ R2c7 33.Nc5+ Kb8 34.
Qd6 Bc6 35.Ra1 Qb2 36.Nxa6+ Kb7 37.Nxc7 Rxc7 38.Ra7+ 1-0

[Event "6th Asia-ch"]
[Site "Cebu City PHI"]
[Date "2007.09.20"]
[Round "2.27"]
[White "Djinh Djuc Trong"]
[Black "Dimakiling, Oliver"]
[Result "0-1"]
[WhiteElo "2354"]
[BlackElo "2500"]
[EventDate "2007.09.19"]
[PlyCount "112"]

1.Nf3 Nf6 2.c3 b6 3.d3 d5 4.Nbd2 Nbd7 5.e4 e5 6.Qa4 a6 7.d4 exd4 8.Nxd4 
dxe4 9.Qc6 Rb8 10.Nxe4 Qe7 11.f3 Bb7 12.Qxc7 Nxe4 13.fxe4 Qxe4+ 14.Be2 Bc5
15.Rf1 Rc8 16.Qf4 Nf6 17.Qxe4+ Nxe4 18.Nb3 O-O 19.Nxc5 Nxc5 20.Be3 Bxg2 
21.Rg1 Bb7 22.Bh6 Ne6 23.Bg4 f5 24.Bh3 Rf6 25.Be3 b5 26.O-O-O b4 27.Rd7 
Be4 28.Bf1 bxc3 29.Bxa6 cxb2+ 30.Kxb2 Rc2+ 31.Ka1 f4 32.Bd4 Nxd4 33.Rd8+ 
Rf8 34.Rxd4 Bg6 35.Bc4+ Kh8 36.Rf1 f3 37.Bb3 Rxh2 38.Rxf3 Re8 39.Rf1 h5 
40.Rd6 Rg2 41.Rh1 Kh7 42.Rd5 Rb8 43.Ra5 Rb6 44.Ra8 Rg3 45.Bg8+ Kh6 46.Bb3 
Kg5 47.Ra7 Kh6 48.Ra8 Rb7 49.Ra6 Kh7 50.Be6 Rg5 51.a3 Bf7 52.Bh3 g6 53.Rb1
Rc7 54.Kb2 Rg3 55.Bf1 h4 56.Rb6 h3 0-1

[Event "6th Asia-ch"]
[Site "Cebu City PHI"]
[Date "2007.09.20"]
[Round "2.28"]
[White "Hossain, Enamul"]
[Black "Maga, Mirabeau"]
[Result "1-0"]
[WhiteElo "2485"]
[BlackElo "2361"]
[EventDate "2007.09.19"]
[PlyCount "77"]

1.e4 c5 2.Nf3 e6 3.d4 cxd4 4.Nxd4 Nf6 5.Nc3 d6 6.Be2 a6 7.O-O Be7 8.f4 Nc6
9.Be3 Bd7 10.Kh1 b5 11.a3 O-O 12.Qe1 Qb8 13.Bf3 Rc8 14.Rd1 Nxd4 15.Bxd4 e5
16.Be3 Be6 17.Qg3 a5 18.fxe5 dxe5 19.Bh6 Ne8 20.Bh5 Ra6 21.Bg5 Bxg5 22.
Qxg5 h6 23.Qg3 b4 24.Nd5 Bxd5 25.Rxd5 Rf6 26.Rfd1 bxa3 27.bxa3 Rf4 28.h3 
Nf6 29.Bxf7+ Kxf7 30.Rd7+ Nxd7 31.Rxd7+ Ke6 32.Qxg7 Re8 33.Ra7 Qb5 34.a4 
Qc6 35.Rxa5 Rf6 36.Ra7 Rf1+ 37.Kh2 Rf6 38.a5 h5 39.Rb7 1-0

[Event "6th Asia-ch"]
[Site "Cebu City PHI"]
[Date "2007.09.20"]
[Round "2.29"]
[White "Wen Yang"]
[Black "Bagamasbad, Efren"]
[Result "1-0"]
[WhiteElo "2475"]
[BlackElo "2331"]
[EventDate "2007.09.19"]
[PlyCount "87"]

1.e4 c5 2.Nf3 g6 3.d4 cxd4 4.Nxd4 Nc6 5.Nc3 Bg7 6.Nxc6 bxc6 7.Bc4 d6 8.O-O
Nf6 9.Qe2 O-O 10.Rd1 Qb6 11.h3 Nd7 12.Rb1 Ne5 13.Be3 Qb4 14.Bb3 a5 15.a3 
Qb8 16.f4 Ba6 17.Qf2 Nc4 18.Bxc4 Bxc4 19.Bd4 e5 20.fxe5 dxe5 21.Bc5 Rd8 
22.b3 Be6 23.Be7 Rxd1+ 24.Rxd1 Qe8 25.Bf6 Qf8 26.Na4 Qxa3 27.Bxg7 Kxg7 28.
Nc5 Re8 29.Rf1 f5 30.exf5 gxf5 31.Qg3+ Kf6 32.Ne4+ Ke7 33.Qh4+ Kd7 34.Nf6+
Ke7 35.Rd1 Qc5+ 36.Kh1 Kf7 37.Nxe8 Kxe8 38.Rd8+ Kf7 39.Qxh7+ Kf6 40.Qh6+ 
Kf7 41.Rh8 Bd5 42.Rh7+ Ke8 43.Qg6+ Kd8 44.Qf6+ 1-0

[Event "6th Asia-ch"]
[Site "Cebu City PHI"]
[Date "2007.09.20"]
[Round "2.30"]
[White "Tolentino, Rustum"]
[Black "Rohit, Goginenni"]
[Result "1-0"]
[WhiteElo "2276"]
[BlackElo "2470"]
[EventDate "2007.09.19"]
[PlyCount "81"]

1.e4 c5 2.Nf3 e6 3.c4 Qc7 4.Nc3 a6 5.g3 Nc6 6.Bg2 g6 7.O-O Bg7 8.d3 Nge7 
9.Bf4 d6 10.Qa4 Rb8 11.d4 cxd4 12.c5 e5 13.Nd5 Qa5 14.Qxa5 Nxa5 15.Nxe7 
Kxe7 16.cxd6+ Kxd6 17.Bd2 Nc6 18.Ng5 Ke7 19.f4 h6 20.Nf3 exf4 21.gxf4 Rd8 
22.Be1 Be6 23.Bh4+ Bf6 24.Bg3 Rbc8 25.e5 Bg7 26.Bh4+ f6 27.Rae1 Kf7 28.
exf6 Bf8 29.b3 d3 30.Rxe6 Kxe6 31.Bh3+ Kd5 32.Rd1 Ra8 33.f7 Rdb8 34.Rxd3+ 
Ke4 35.Rc3 Be7 36.Nd2+ Kd4 37.Rc4+ Kd3 38.Be1 Ke2 39.Bg4+ Kxe1 40.Nb1 Ba3 
41.Re4# 1-0

[Event "6th Asia-ch"]
[Site "Cebu City PHI"]
[Date "2007.09.20"]
[Round "2.31"]
[White "Nouri, Hamed"]
[Black "Legaspi, Rhobel"]
[Result "1/2-1/2"]
[WhiteElo "2426"]
[BlackElo "2316"]
[EventDate "2007.09.19"]
[PlyCount "37"]

1.e4 c5 2.Nc3 e6 3.g3 Nc6 4.Bg2 g6 5.Nge2 Bg7 6.h4 h5 7.O-O Nge7 8.d3 d6 
9.Bg5 a6 10.a4 Qc7 11.Qd2 Rb8 12.Rae1 b5 13.axb5 axb5 14.Nd1 b4 15.Be3 Nd4
16.b3 Nec6 17.f4 O-O 18.Nf2 Bd7 19.Kh2 1/2-1/2

[Event "6th Asia-ch"]
[Site "Cebu City PHI"]
[Date "2007.09.20"]
[Round "2.32"]
[White "Russell, Majwuana Kankanamge Athula"]
[Black "Khader, Sami"]
[Result "0-1"]
[WhiteElo "2220"]
[BlackElo "2422"]
[EventDate "2007.09.19"]
[PlyCount "72"]

1.d4 f5 2.c4 Nf6 3.Nf3 g6 4.g3 Bg7 5.Bg2 O-O 6.Nc3 d6 7.O-O Qe8 8.d5 Na6 
9.Nd4 Bd7 10.Rb1 c5 11.Ndb5 Qf7 12.a3 h6 13.f4 Rfc8 14.Kh1 Nb8 15.e4 fxe4 
16.Nxe4 Bf5 17.Nbc3 Nbd7 18.Qe2 Kh8 19.Bd2 a6 20.Rbd1 b5 21.cxb5 axb5 22.
Nxb5 Nxe4 23.Bxe4 Bxe4+ 24.Qxe4 Nf6 25.Qf3 Qxd5 26.Bc1 Qxf3+ 27.Rxf3 Ne4 
28.b3 Ra5 29.a4 c4 30.Nd4 Rd5 31.Be3 c3 32.Rff1 c2 33.Nxc2 Rxd1 34.Rxd1 
Rxc2 35.a5 Ra2 36.Bb6 Rxa5 0-1

[Event "6th Asia-ch"]
[Site "Cebu City PHI"]
[Date "2007.09.20"]
[Round "2.33"]
[White "Sadorra, Julio"]
[Black "Bayarmandah, Balgan"]
[Result "0-1"]
[WhiteElo "2421"]
[BlackElo "2208"]
[EventDate "2007.09.19"]
[PlyCount "144"]

1.Nf3 g6 2.c4 Bg7 3.e4 c5 4.d4 cxd4 5.Nxd4 Nf6 6.Nc3 Nc6 7.Be3 O-O 8.Be2 
d6 9.O-O Bd7 10.Qd2 a6 11.f3 Rc8 12.Rfd1 Nh5 13.Nc2 Ne5 14.c5 Be6 15.cxd6 
exd6 16.Rac1 Bc4 17.b3 Bxb3 18.axb3 Rxc3 19.g4 Rd3 20.Qe1 Rxe3 21.Nxe3 Qb6
22.gxh5 Qxe3+ 23.Qf2 Bh6 24.Rb1 Qf4 25.Qg3 Qf6 26.Bc4 b5 27.Bd5 Rc8 28.Rf1
Bf4 29.Qg2 Kh8 30.Ra1 gxh5 31.Rxa6 Ng6 32.Ra8 Rxa8 33.Bxa8 Be5 34.Qd2 Nf4 
35.Kh1 h4 36.Bc6 Bc3 37.Qf2 Bd4 38.Qd2 Bc3 39.Qa2 b4 40.Qa8+ Kg7 41.Qc8 
Bd4 42.Qg4+ Kf8 43.Rd1 h5 44.Qf5 Qxf5 45.exf5 Be5 46.f6 h3 47.Rd2 h4 48.
Kg1 Nh5 49.Bd7 Nxf6 50.Bxh3 d5 51.Bf1 Ke7 52.Kg2 Bc3 53.Ra2 Nd7 54.Be2 Nc5
55.Bd1 Ke6 56.Kh3 Bf6 57.Kg4 d4 58.Ra5 Be7 59.Ra7 f5+ 60.Kh5 Nd3 61.Bc2 
Nf4+ 62.Kh6 d3 63.Bb1 h3 64.Ra5 Kf6 65.Kh7 Bd6 66.Kg8 d2 67.Bc2 Be5 68.Rb5
Ng2 69.Rd5 Bxh2 70.Rxd2 Bg3 71.f4 h2 72.Kf8 Bxf4 0-1

[Event "6th Asia-ch"]
[Site "Cebu City PHI"]
[Date "2007.09.21"]
[Round "3.3"]
[White "Megaranto, Susanto"]
[Black "Laylo, Darwin"]
[Result "1-0"]
[WhiteElo "2554"]
[BlackElo "2486"]
[EventDate "2007.09.19"]
[PlyCount "109"]

1.e4 d5 2.exd5 Nf6 3.Nf3 Nxd5 4.d4 Bf5 5.Be2 e6 6.O-O Be7 7.a3 O-O 8.c4 
Nb6 9.Nc3 Nc6 10.Be3 Bf6 11.b3 Qe7 12.c5 Nd5 13.Nxd5 exd5 14.b4 a6 15.Qd2 
h6 16.Rfd1 Rfe8 17.Ra2 g5 18.h3 Bg7 19.a4 Be4 20.Ne1 a5 21.bxa5 Nxa5 22.h4
Bf6 23.Nf3 Bxf3 24.gxf3 gxh4 25.Kh2 Kh8 26.Rg1 Nc6 27.a5 Rg8 28.Rxg8+ Rxg8
29.Bf1 Bg7 30.a6 bxa6 31.Rxa6 Nb8 32.Ra8 Qf6 33.Qd1 Qc6 34.Ra7 Qg6 35.Bh3 
Nc6 36.Ra6 Rb8 37.Bd7 Rb1 38.Bc1 h3 39.Bxh3 Kh7 40.Qd2 Bxd4 41.Rxc6 Qxc6 
42.Bf5+ Kg8 43.Bxb1 Qxc5 44.Qxh6 Bg7 45.Qh7+ Kf8 46.Be3 Qd6+ 47.Kg2 c5 48.
Qf5 Kg8 49.Qc8+ Bf8 50.Qh3 Bg7 51.Bh7+ Kh8 52.Qh5 d4 53.Bg6+ Kg8 54.Bxf7+ 
Kf8 55.Bc4 1-0

[Event "6th Asia-ch"]
[Site "Cebu City PHI"]
[Date "2007.09.21"]
[Round "3.4"]
[White "Gopal, Geetha Narayanan"]
[Black "Antonio, Rogelio jr"]
[Result "1-0"]
[WhiteElo "2480"]
[BlackElo "2532"]
[EventDate "2007.09.19"]
[PlyCount "69"]

1.e4 d6 2.d4 Nf6 3.Nc3 g6 4.Be3 c6 5.Qd2 b5 6.Bd3 Nbd7 7.Nf3 e5 8.dxe5 
dxe5 9.h3 Bb7 10.O-O a6 11.a4 Bg7 12.Ne2 c5 13.axb5 Nxe4 14.Bxe4 Bxe4 15.
Ng5 Bb7 16.Rfd1 Qe7 17.bxa6 Rxa6 18.Rxa6 Bxa6 19.Nc3 Bc8 20.Nd5 Qd8 21.Ne4
O-O 22.Nxc5 Nf6 23.c4 Nxd5 24.cxd5 Qd6 25.Ne4 Qb8 26.d6 Bf5 27.Nc5 Rd8 28.
g4 Bd7 29.Qd5 Qc8 30.Nxd7 Qxd7 31.Rc1 Bf8 32.Rc7 Qe6 33.Qxe6 fxe6 34.d7 
Kf7 35.Rb7 1-0

[Event "6th Asia-ch"]
[Site "Cebu City PHI"]
[Date "2007.09.21"]
[Round "3.6"]
[White "Zhou Jianchao"]
[Black "Bagheri, Amir"]
[Result "1-0"]
[WhiteElo "2572"]
[BlackElo "2495"]
[EventDate "2007.09.19"]
[PlyCount "60"]

1.Nf3 Nf6 2.c4 e6 3.Nc3 Bb4 4.Qc2 d6 5.a3 Bxc3 6.Qxc3 e5 7.d4 e4 8.Ng1 
Nbd7 9.Bg5 h6 10.Bh4 O-O 11.e3 Re8 12.Ne2 Nf8 13.d5 N8h7 14.Qc2 Qe7 15.Nc3
Bg4 16.h3 Bh5 17.Ne2 c5 18.dxc6 bxc6 19.Bg3 g5 20.Nd4 Qd7 21.c5 d5 22.Qa4 
Re6 23.Nxe6 fxe6 24.Ba6 Rf8 25.Bd6 Rf7 26.b4 d4 27.b5 cxb5 28.Qxb5 Qxb5 
29.Bxb5 dxe3 30.fxe3 Nd5 1-0

[Event "6th Asia-ch"]
[Site "Cebu City PHI"]
[Date "2007.09.21"]
[Round "3.11"]
[White "Paragua, Mark"]
[Black "Li Chao"]
[Result "0-1"]
[WhiteElo "2525"]
[BlackElo "2529"]
[EventDate "2007.09.19"]
[PlyCount "90"]

1.e4 c5 2.Nf3 d6 3.d4 cxd4 4.Nxd4 Nf6 5.Nc3 Nc6 6.f3 e5 7.Nb3 Be7 8.Be3 
Be6 9.Nd5 Bxd5 10.exd5 Nb4 11.c4 a5 12.Qd2 b6 13.a3 Na6 14.Bd3 O-O 15.O-O 
Nd7 16.Nc1 Nac5 17.Bc2 f5 18.Ne2 a4 19.Nc3 Qc8 20.Rac1 g6 21.Kh1 Rf7 22.
Nb5 Bf8 23.f4 Nf6 24.fxe5 dxe5 25.d6 Qc6 26.Bxc5 Qxc5 27.Qd1 e4 28.Bxa4 
Ng4 29.d7 Rd8 30.Nc3 Bh6 31.Rb1 Nf2+ 32.Rxf2 Qxf2 33.c5 bxc5 34.Bb3 Qd4 
35.Bxf7+ Kxf7 36.Qb3+ c4 37.Qa4 Bd2 38.Nb5 Qxd7 39.Qxc4+ Kg7 40.Nc7 Qd3 
41.Qxd3 Rxd3 42.g3 Kf6 43.Kg2 f4 44.Na6 f3+ 45.Kf2 Be3+ 0-1

[Event "6th Asia-ch"]
[Site "Cebu City PHI"]
[Date "2007.09.21"]
[Round "3.12"]
[White "Ghaem Maghami, Ehsan"]
[Black "Wen Yang"]
[Result "1/2-1/2"]
[WhiteElo "2610"]
[BlackElo "2475"]
[EventDate "2007.09.19"]
[PlyCount "34"]

1.c4 e5 2.Nc3 Nf6 3.Nf3 Nc6 4.d3 d5 5.cxd5 Nxd5 6.g3 Be7 7.Bg2 Nb6 8.O-O 
O-O 9.a3 Re8 10.b4 Bf8 11.Bb2 a5 12.b5 Nd4 13.Nd2 a4 14.Rb1 Ra5 15.Nc4 Ra8
16.Nd2 f6 17.Re1 Qd7 1/2-1/2

[Event "6th Asia-ch"]
[Site "Cebu City PHI"]
[Date "2007.09.21"]
[Round "3.13"]
[White "Deepan Chakravarthy, Jeyakumar"]
[Black "Ganguly, Surya Shekhar"]
[Result "1-0"]
[WhiteElo "2479"]
[BlackElo "2586"]
[EventDate "2007.09.19"]
[PlyCount "77"]

1.Nf3 Nf6 2.c4 c5 3.d4 cxd4 4.Nxd4 e6 5.g3 Bb4+ 6.Bd2 Be7 7.Bg2 Nc6 8.Nb3 
b6 9.Nc3 Ba6 10.Nb5 Rc8 11.Bc3 d5 12.O-O O-O 13.cxd5 Nxd5 14.Bxd5 exd5 15.
a4 Qd7 16.Qd3 Rcd8 17.Rfd1 Bc8 18.N3d4 Nxd4 19.Qxd4 Bf6 20.Qf4 Bxc3 21.
Nxc3 d4 22.Nb5 Qe7 23.Nxd4 Bb7 24.Rd2 Qb4 25.b3 Rd7 26.Rad1 Rc8 27.f3 Rcd8
28.Kg2 h6 29.h4 Rd6 30.Rd3 a5 31.Qe3 Qc5 32.Nf5 Rxd3 33.Rxd3 Rxd3 34.Qxd3 
Qe5 35.Kf2 Qc5+ 36.Kg2 Qe5 37.Kf1 h5 38.Qd8+ Kh7 39.Ne7 1-0

[Event "6th Asia-ch"]
[Site "Cebu City PHI"]
[Date "2007.09.21"]
[Round "3.14"]
[White "Utut Adianto"]
[Black "Girinath, P. D. S."]
[Result "1-0"]
[WhiteElo "2583"]
[BlackElo "2440"]
[EventDate "2007.09.19"]
[PlyCount "81"]

1.d4 f5 2.c4 Nf6 3.Nc3 g6 4.Nf3 Bg7 5.g3 O-O 6.Bg2 d6 7.O-O Qe8 8.d5 Na6 
9.Rb1 c5 10.dxc6 bxc6 11.b4 Bd7 12.Qa4 Nc7 13.Qa5 Ne6 14.Bb2 Qd8 15.Qa3 a5
16.b5 Rc8 17.Rfd1 cxb5 18.cxb5 Kh8 19.Ba1 Qb6 20.Na4 Qb8 21.Nd4 Nxd4 22.
Bxd4 Rc4 23.Be3 Rb4 24.Nc3 Ng4 25.Bd2 Rxb1 26.Rxb1 Ne5 27.Bg5 Rc8 28.Qxa5 
e6 29.b6 Nc4 30.Qa7 Nxb6 31.Qxb6 Qxb6 32.Rxb6 Bxc3 33.Rxd6 Bb5 34.Bf3 Bg7 
35.Rb6 Bc4 36.a4 Bd5 37.Bxd5 exd5 38.a5 h6 39.Bf4 Rc2 40.a6 Ra2 41.Rb8+ 
1-0

[Event "6th Asia-ch"]
[Site "Cebu City PHI"]
[Date "2007.09.21"]
[Round "3.16"]
[White "Sandipan, Chanda"]
[Black "Zhou Weiqi"]
[Result "1/2-1/2"]
[WhiteElo "2563"]
[BlackElo "2469"]
[EventDate "2007.09.19"]
[PlyCount "129"]

1.e4 c5 2.Nf3 e6 3.d4 cxd4 4.Nxd4 Nc6 5.Nb5 Nf6 6.Bf4 e5 7.Bg5 Bb4+ 8.N1c3
O-O 9.a3 Be7 10.Bxf6 Bxf6 11.Nd5 d6 12.Be2 a6 13.Nxf6+ Qxf6 14.Nc7 Rb8 15.
c3 Qd8 16.Nd5 Ne7 17.Nxe7+ Qxe7 18.Qd2 Be6 19.O-O Rfd8 20.Bf3 b5 21.a4 Qb7
22.axb5 axb5 23.b4 h6 24.Qe3 Qc6 25.Rfd1 Bb3 26.Rd2 Ra8 27.Rxa8 Rxa8 28.h3
Bc4 29.Qe1 Kf8 30.Rd1 Ke7 31.Qe3 Ra3 32.Kh2 Be6 33.Rc1 Bc4 34.Bg4 Kf8 35.
Be2 Kg8 36.f3 Ra2 37.Bxc4 Qxc4 38.Rd1 Re2 39.Qd3 Rb2 40.Qxd6 Qxc3 41.Kh1 
Rxb4 42.Qd8+ Kh7 43.Qe8 Qc7 44.h4 Rd4 45.Rxd4 exd4 46.Qxb5 Qd8 47.Kg1 d3 
48.Qb1 d2 49.Qd1 g5 50.hxg5 hxg5 51.Kf2 Qd3 52.g3 Kh6 53.Kg2 g4 54.fxg4 
Qxe4+ 55.Kf2 Qd3 56.Qa1 Kg6 57.Qd1 Kg5 58.Kg2 Qe3 59.Kh3 Kh6 60.Qa1 Kh7 
61.Qb1+ Kg8 62.Qb8+ Kg7 63.Qb2+ Kg6 64.Qb1+ Kf6 65.Qa1+ 1/2-1/2

[Event "6th Asia-ch"]
[Site "Cebu City PHI"]
[Date "2007.09.21"]
[Round "3.18"]
[White "Lalith Babu, Musunuri Rohit"]
[Black "Moradiabadi, Elshan"]
[Result "0-1"]
[WhiteElo "2353"]
[BlackElo "2540"]
[EventDate "2007.09.19"]
[PlyCount "86"]

1.Nf3 Nf6 2.c4 c6 3.d4 d5 4.Nc3 dxc4 5.a4 Bf5 6.Nh4 Bd7 7.g3 e6 8.Bg2 c5 
9.dxc5 Nc6 10.O-O Bxc5 11.Bg5 Be7 12.Bxf6 gxf6 13.Nb5 O-O 14.e4 Ne5 15.Na3
Bc6 16.Qc1 Qd4 17.Nc2 Qc5 18.Ne3 Rfd8 19.Nf3 Nd3 20.Qxc4 Qxc4 21.Nxc4 Bxe4
22.Ne1 Bxg2 23.Kxg2 Rac8 24.b3 Nc5 25.Rb1 Rd7 26.Ne3 f5 27.Nf3 Bf6 28.Rfc1
Rcc7 29.a5 Kf8 30.b4 Ne4 31.b5 Rc3 32.Rxc3 Bxc3 33.a6 bxa6 34.bxa6 Rd6 35.
Rb8+ Kg7 36.Rb7 Rxa6 37.Nd1 Bf6 38.Kf1 Ra2 39.Ke1 a5 40.Ng1 a4 41.Ne2 Nc5 
42.Rb1 a3 43.Ne3 Rxe2+ 0-1

[Event "6th Asia-ch"]
[Site "Cebu City PHI"]
[Date "2007.09.21"]
[Round "3.19"]
[White "Yap Kim, Steven"]
[Black "Nguyen Anh Dung"]
[Result "1-0"]
[WhiteElo "2246"]
[BlackElo "2537"]
[EventDate "2007.09.19"]
[PlyCount "75"]

1.e4 e5 2.Nf3 Nf6 3.Nc3 Bb4 4.Nxe5 O-O 5.Nd3 Bxc3 6.dxc3 Nxe4 7.Be3 d6 8.
Qf3 Re8 9.O-O-O Nc6 10.g4 Nf6 11.Rg1 Nd7 12.Qg3 a5 13.c4 a4 14.a3 Nf6 15.
Bg5 h6 16.Be3 Ne4 17.Qg2 Qh4 18.Nf4 Nf6 19.h3 Ne5 20.Qh1 Nfd7 21.Nd5 Qd8 
22.g5 h5 23.g6 Nf6 24.gxf7+ Kxf7 25.Qg2 Rg8 26.f4 Nc6 27.c5 Be6 28.Bc4 g6 
29.cxd6 cxd6 30.Bb6 Qc8 31.Nxf6 Bxc4 32.Nxg8 Qxg8 33.Rxd6 Be6 34.f5 Bxf5 
35.Qd5+ Kg7 36.Re1 Kf8 37.Rf6+ Kg7 38.Rxf5 1-0

[Event "6th Asia-ch"]
[Site "Cebu City PHI"]
[Date "2007.09.21"]
[Round "3.21"]
[White "Dimakiling, Oliver"]
[Black "Ardeshi, Mehrdad"]
[Result "1/2-1/2"]
[WhiteElo "2500"]
[BlackElo "2407"]
[EventDate "2007.09.19"]
[PlyCount "67"]

1.d4 d5 2.Bg5 h6 3.Bh4 c6 4.Nf3 Qb6 5.b3 Bf5 6.e3 e6 7.Bd3 Bxd3 8.Qxd3 Nd7
9.O-O Be7 10.Bg3 Ngf6 11.Nbd2 O-O 12.c4 a5 13.h3 Rfd8 14.e4 dxe4 15.Nxe4 
Nxe4 16.Qxe4 Nf6 17.Qe3 a4 18.Rad1 axb3 19.axb3 Ra3 20.Rd3 Qa6 21.Rfd1 Ra1
22.Be5 Rxd1+ 23.Rxd1 b5 24.Rc1 Qa3 25.Bf4 Bf8 26.g4 c5 27.Be5 cxd4 28.Bxd4
bxc4 29.bxc4 Qa4 30.Ne5 Nd7 31.Ra1 Qc2 32.Rc1 Qa4 33.Ra1 Qc2 34.Rc1 
1/2-1/2

[Event "6th Asia-ch"]
[Site "Cebu City PHI"]
[Date "2007.09.21"]
[Round "3.22"]
[White "Alavi Sayed, Javad"]
[Black "Toufighi, Homayoon"]
[Result "0-1"]
[WhiteElo "2493"]
[BlackElo "2391"]
[EventDate "2007.09.19"]
[PlyCount "134"]

1.b3 d5 2.Bb2 c5 3.e3 Nf6 4.Bb5+ Bd7 5.Bxd7+ Nbxd7 6.Nf3 e6 7.d3 Be7 8.
Nbd2 O-O 9.Qe2 b5 10.O-O a5 11.a4 bxa4 12.Rxa4 Nb6 13.Ra2 a4 14.Rfa1 axb3 
15.Rxa8 Nxa8 16.Nxb3 Nd7 17.Ra7 Nab6 18.e4 Bf6 19.Ba3 Qb8 20.Ra5 c4 21.Nc5
Rc8 22.d4 Nxc5 23.Rxc5 dxe4 24.Qxe4 Nd5 25.g3 h6 26.Rxc8+ Qxc8 27.Bc5 Qa6 
28.Kg2 Qa2 29.Ne5 Bxe5 30.dxe5 Qa4 31.Bd4 Nb4 32.c3 Nd5 33.Qe2 Qb3 34.Qd2 
Qb7 35.f3 Qb3 36.Kf2 Kf8 37.Bc5+ Ke8 38.Bd4 Kd7 39.Ke2 Kc6 40.Qc1 Qa2+ 41.
Qd2 Qb1 42.h4 Kb5 43.h5 f5 44.f4 Kc6 45.Qd1 Qxd1+ 46.Kxd1 Nc7 47.Bf2 Kd5 
48.Ke2 Nb5 49.Be1 Ke4 50.Bd2 Na3 51.Bc1 Nb5 52.Bb2 Kd5 53.Kd2 Kc6 54.Kc2 
Kd7 55.Bc1 Ke7 56.Bd2 Kf7 57.Kd1 Nc7 58.Ke2 Nd5 59.Kf3 g6 60.Kg2 Kg7 61.
Kh2 g5 62.fxg5 hxg5 63.g4 Kh6 64.Kg3 Ne7 65.Be3 f4+ 66.Bxf4 gxf4+ 67.Kxf4 
Nc6 0-1

[Event "6th Asia-ch"]
[Site "Cebu City PHI"]
[Date "2007.09.21"]
[Round "3.23"]
[White "Neelotpal, Das"]
[Black "Hussein, Noah A."]
[Result "1/2-1/2"]
[WhiteElo "2485"]
[BlackElo "2341"]
[EventDate "2007.09.19"]
[PlyCount "149"]

1.e4 e5 2.Nf3 Nf6 3.Nxe5 d6 4.Nf3 Nxe4 5.Nc3 Nf6 6.d4 Be7 7.Bd3 Bg4 8.Be3 
d5 9.Qd2 Bxf3 10.gxf3 Nc6 11.Ne2 Qd7 12.c3 O-O-O 13.Qc2 g6 14.O-O-O Rde8 
15.Ng3 Nd8 16.Kb1 Ne6 17.f4 Bd6 18.f5 Nf4 19.Bf1 Kb8 20.h4 N4h5 21.Nxh5 
Nxh5 22.Bh3 Qd8 23.c4 Bf4 24.Bc1 Bxc1 25.Rxc1 Nf4 26.Bg4 c6 27.Qd2 Qd6 28.
c5 Qc7 29.Rc3 gxf5 30.Bxf5 Re2 31.Qd1 Rxf2 32.Re3 Ng2 33.Rf3 Rxf3 34.Qxf3 
Qf4 35.Qxf4+ Nxf4 36.Rh2 h5 37.Rf2 Ng6 38.Rh2 Kc7 39.Kc1 Kd8 40.Kd2 Ke7 
41.Bc2 Ke6 42.Re2+ Kf6 43.Rh2 Kg7 44.b4 Rf8 45.Bf5 Ne7 46.Bc2 f5 47.Rg2+ 
Kh6 48.Rg5 f4 49.Re5 Rf7 50.Ke2 f3+ 51.Kf2 Ng8 52.Bf5 Ne7 53.Bc2 Ng8 54.
Rg5 Ne7 55.Re5 Ng8 56.Re6+ Kg7 57.Rg6+ Kf8 58.Rg3 Nf6 59.Rxf3 Ke7 60.Bf5 
Rg7 61.Rg3 Ng4+ 62.Bxg4 hxg4 63.Ke3 Kf6 64.Kf4 Re7 65.Re3 Rxe3 66.Kxe3 Kf5
67.a4 a5 68.bxa5 g3 69.Kf3 g2 70.Kxg2 Kg4 71.h5 Kxh5 72.Kh3 Kg5 73.Kg3 Kf5
74.Kf3 Kg5 75.Kg3 1/2-1/2

[Event "6th Asia-ch"]
[Site "Cebu City PHI"]
[Date "2007.09.21"]
[Round "3.24"]
[White "Bayarmandah, Balgan"]
[Black "Hossain, Enamul"]
[Result "0-1"]
[WhiteElo "2208"]
[BlackElo "2485"]
[EventDate "2007.09.19"]
[PlyCount "68"]

1.d4 Nf6 2.g3 g6 3.Bg2 Bg7 4.e4 d6 5.Ne2 O-O 6.O-O c5 7.Nbc3 cxd4 8.Nxd4 
Nc6 9.Nde2 Bd7 10.h3 Rb8 11.a4 a6 12.Nd5 Ne5 13.Nec3 Re8 14.Re1 Nc4 15.Ra2
e6 16.Ne3 Nxe3 17.Rxe3 Bc6 18.Rd3 d5 19.exd5 exd5 20.Nxd5 Nxd5 21.Bxd5 
Bxd5 22.Rxd5 Qe7 23.Be3 Rbc8 24.c3 Qe6 25.Kh2 h5 26.Ra1 h4 27.Bf4 Qc6 28.
Qd2 Red8 29.a5 hxg3+ 30.Kxg3 Qf6 31.Bg5 Rxd5 32.Qxd5 Rxc3+ 33.Kg2 Qc6 34.
Rd1 Rc5 0-1

[Event "6th Asia-ch"]
[Site "Cebu City PHI"]
[Date "2007.09.21"]
[Round "3.25"]
[White "Tu Hoang Thong"]
[Black "Tolentino, Rustum"]
[Result "1-0"]
[WhiteElo "2483"]
[BlackElo "2276"]
[EventDate "2007.09.19"]
[PlyCount "87"]

1.d4 d5 2.Nf3 Nf6 3.c4 e6 4.g3 dxc4 5.Bg2 Nbd7 6.O-O Be7 7.Nbd2 O-O 8.Nxc4
a5 9.Bd2 a4 10.Rc1 Ra6 11.Qc2 b5 12.Nce5 c5 13.dxc5 Bxc5 14.Bg5 Bd6 15.Nc6
Qe8 16.Nfd4 Rb6 17.Na7 Ba6 18.Rfd1 h6 19.Bxf6 Nxf6 20.Ndc6 Nd5 21.Bxd5 
exd5 22.Rxd5 Qe6 23.Rcd1 Bc7 24.Rd7 Be5 25.Re7 Qc4 26.Qxc4 bxc4 27.Rxe5 
Rxb2 28.a3 c3 29.Rc1 Bxe2 30.Rxc3 Rb1+ 31.Kg2 Bf1+ 32.Kf3 f5 33.Nd4 f4 34.
gxf4 Rd1 35.Nac6 Rd2 36.h4 Kh7 37.h5 Rc8 38.Rce3 Bc4 39.Kg3 Bf7 40.Rf5 Ba2
41.Ra5 Rd1 42.f3 Rh1 43.Re7 Kh8 44.Re2 1-0